000
00223nam a22000857a 4500
008
160914b xxu||||| |||| 00| 0 eng d
100
_9
428
_a
Scott.P
245
_a
Mental Arithmetic-3
260
_a
New Delhi
_b
Frank Publications
_c
2012
999
_c
3087
_d
3087